Urban design compendium (Record no. 100766)
[ view plain ]
| 000 -LEADER | |
|---|---|
| fixed length control field | 01305cam a2200241 4500 |
| 001 - CONTROL NUMBER | |
| control field | J108291 |
| 008 - FIXED-LENGTH DATA ELEMENTS--GENERAL INFORMATION | |
| fixed length control field | 000000n2000 000 0 eng u |
| 035 ## - SYSTEM CONTROL NUMBER | |
| System control number | (Sirsi) u108291 |
| 050 ## - LIBRARY OF CONGRESS CALL NUMBER | |
| Classification number | 711.52 $2 18 |
| 110 ## - MAIN ENTRY--CORPORATE NAME | |
| Corporate name or jurisdiction name as entry element | English Partnerships |
| 9 (RLIN) | 1764 |
| 245 ## - TITLE STATEMENT | |
| Title | Urban design compendium |
| Medium | [electronic resource] |
| 250 ## - EDITION STATEMENT | |
| Edition statement | 1st ed. |
| 260 ## - PUBLICATION, DISTRIBUTION, ETC. | |
| Place of publication, distribution, etc. | London |
| Name of publisher, distributor, etc. | Llewelyn-Davies |
| Date of publication, distribution, etc. | 2000 |
| 300 ## - PHYSICAL DESCRIPTION | |
| Extent | 122p. : ill. ; 30cm. |
| 520 ## - SUMMARY, ETC. | |
| Summary, etc. | Prepared for English Partnerships and the Housing Corporation by Llewelyn-davies. The compendium is published to help equip project applicants, funding bodies and interested third parties with guidance on achieving and assessing the quality of urban design in developing and restoring urban areas. A second edition with updated information and a different focus was published in 2007 (L140503). |
| 650 ## - SUBJECT ADDED ENTRY--TOPICAL TERM | |
| Topical term or geographic name entry element | URBAN DESIGN |
| 690 ## - LOCAL SUBJECT ADDED ENTRY--TOPICAL TERM (OCLC, RLIN) | |
| Topical term or geographic name as entry element | Planning and development |
| 9 (RLIN) | 6259 |
| 710 ## - ADDED ENTRY--CORPORATE NAME | |
| Corporate name or jurisdiction name as entry element | Housing Corporation |
| 710 ## - ADDED ENTRY--CORPORATE NAME | |
| Corporate name or jurisdiction name as entry element | Llewelyn-Davies |
| 9 (RLIN) | 3592 |
| 856 41 - ELECTRONIC LOCATION AND ACCESS | |
| Uniform Resource Identifier | <a href="https://www.englishpartnerships.co.uk/publications.htm#urbandesign">https://www.englishpartnerships.co.uk/publications.htm#urbandesign</a> |
| Public note | View the compendium free of charge at www.englishpartnerships.co.uk... |
| 856 41 - ELECTRONIC LOCATION AND ACCESS | |
| Uniform Resource Identifier | <a href="https://www.urbandesigncompendium.co.uk/OrderACopy.aspx">https://www.urbandesigncompendium.co.uk/OrderACopy.aspx</a> |
| Public note | View the entire compendium in one document free of charge at www.englishpartnerships.co.uk... |
| 942 ## - ADDED ENTRY ELEMENTS (KOHA) | |
| Suppress in OPAC | 0 |
| Withdrawn status | Lost status | Source of classification or shelving scheme | Damaged status | Not for loan | Home library | Current library | Shelving location | Date acquired | Total Checkouts | Full call number | Barcode | Date last seen | Date last checked out | Copy number | Price effective from | Koha item type |
|---|---|---|---|---|---|---|---|---|---|---|---|---|---|---|---|---|
| Dewey Decimal Classification | London | London | Folio | 12/09/2000 | 6 | F711.52 ENG | 30061690 | 06/08/2019 | 14/11/2005 | 1 | 06/08/2019 | Book | ||||
| Dewey Decimal Classification | Virtual | Virtual | Online | 26/09/2007 | ONLINE PUBLICATION | 108291-3001 | 06/08/2019 | 1 | 06/08/2019 | Book |